[Event "Candidates Tournament"]
[Site "Toronto"]
[Date "2024.04.20"]
[Round "13.4"]
[White "Gukesh, Dommaraju"]
[Black "Firouzja, Alireza"]
[Result "1-0"]
[WhiteElo "2743"]
[BlackElo "2760"]
[PlyCount "125"]
[EventDate "2024.04.04"]
[EventType "tourn"]
[EventRounds "14"]
[EventCountry "CAN"]
[EventCategory "20"]
[SourceTitle "CB17_2024"]
[SourceDate "2024.04.24"]
[SourceVersion "1"]
[SourceVersionDate "2024.04.24"]
[SourceQuality "1"]

1. e4 e5 2. Nf3 Nc6 3. Bb5 Nf6 4. d3 Bc5 5. 0-0 Nd4 6. Nxd4 Bxd4 7. Nd2 c6 8. Bc4 d6 9. c3 Bb6 10. Bb3 a5 11. Nc4 Ba7 12. Ne3 0-0 13. Qf3 d5 14. Bc2 g6 15. Re1 Be6 16. exd5 cxd5 17. h3 Re8 18. Ba4 e4 19. dxe4 dxe4 20. Qe2 Re7 21. Nf1 Qc7 22. Bb3 a4 23. Bxe6 Rxe6 24. Be3 a3 25. c4 Nh5 26. g3 Bc5 27. b3 f5 28. Bxc5 Qxc5 29. Rad1 Rf8 30. Rd5 Qe7 31. f4 Nf6 32. Rd2 g5 33. Ne3 gxf4 34. gxf4 Qf7 35. Kh2 Nh5 36. Qf2 Rg6 37. Rd5 Ng7 38. Red1 Rh6 39. Rg1 Rg6 40. Rgd1 Rh6 41. Rg1 Rg6 42. Qh4 Rxg1 43. Kxg1 Kh8 44. Kf2 Rg8 45. Qg5 Qg6 46. Qxg6 hxg6 47. Rd6 Re8 48. Rxg6 Ne6 49. Nd5 Nd4 50. Rb6 Nc2 51. Rxb7 Re6 52. Re7 Rh6 53. c5 Nd4 54. Kg2 Rg6+ 55. Kf2 Rh6 56. b4 Rxh3 57. Kg2 Rh6 58. Rb7 Kg8 59. b5 Kf8 60. b6 Rg6+ 61. Kf2 Rh6 62. Rc7 Rh2+ 63. Kg3 1-0

[Event "Candidates Tournament"]
[Site "Toronto"]
[Date "2024.04.18"]
[Round "12.3"]
[White "Abasov, Nijat Azad"]
[Black "Gukesh, Dommaraju"]
[Result "0-1"]
[WhiteElo "2632"]
[BlackElo "2743"]
[PlyCount "114"]
[EventDate "2024.04.04"]
[EventType "tourn"]
[EventRounds "14"]
[EventCountry "CAN"]
[EventCategory "20"]
[SourceTitle "CB17_2024"]
[SourceDate "2024.04.24"]
[SourceVersion "1"]
[SourceVersionDate "2024.04.24"]
[SourceQuality "1"]

1. d4 Nf6 2. c4 e6 3. Nc3 Bb4 4. Qc2 h6 5. Nf3 c5 6. dxc5 Na6 7. g3 Nxc5 8. Bg2 Nce4 9. 0-0 Nxc3 10. bxc3 Bc5 11. e4 Nh7 12. e5 Rb8 13. Nd2 b6 14. Ne4 Bb7 15. h4 Qc7 16. Rd1 Bxe4 17. Qxe4 0-0 18. Bf4 Rfd8 19. Rd2 Nf8 20. h5 b5 21. cxb5 Rxb5 22. Bf1 Rb6 23. Rad1 Rdb8 24. a4 Rb3 25. Rd3 Ra3 26. Rf3 Qc6 27. Qxc6 dxc6 28. Rfd3 Rxa4 29. Bg2 Ra2 30. R1d2 Rxd2 31. Rxd2 Rc8 32. Be4 a5 33. Bc2 g5 34. hxg6 Nxg6 35. Kg2 Kg7 36. Ba4 Ne7 37. c4 Rb8 38. Ra2 Bb4 39. Kf3 Rd8 40. Be3 Rd3 41. Ke2 Rc3 42. c5 Nd5 43. Rc2 Rxc2+ 44. Bxc2 a4 45. Kd3 a3 46. Bb3 Kg6 47. Bd4 Kg5 48. Kc4 Be1 49. Kd3 Kg4 50. Bd1+ Kg5 51. Bb3 Kf5 52. Kc4 Ke4 53. Bd1 a2 54. f3+ Kf5 55. Bc2+ Kg5 56. Bb3 Bxg3 57. Bxa2 h5 0-1

[Event "Candidates Tournament"]
[Site "Toronto"]
[Date "2024.04.09"]
[Round "5"]
[White "Gukesh, Dommaraju"]
[Black "Abasov, Nijat Azad"]
[Result "1-0"]
[WhiteElo "2743"]
[BlackElo "2632"]
[PlyCount "173"]
[EventDate "2024.04.04"]
[EventType "tourn"]
[EventRounds "14"]
[EventCountry "CAN"]
[EventCategory "20"]
[SourceTitle "CB17_2024"]
[SourceDate "2024.04.24"]
[SourceVersion "1"]
[SourceVersionDate "2024.04.24"]
[SourceQuality "1"]

1. e4 e5 2. Nf3 Nf6 3. d4 Nxe4 4. Bd3 d5 5. dxe5 Nc5 6. Be2 Be7 7. 0-0 0-0 8. Re1 c6 9. Nbd2 Nbd7 10. h3 a5 11. Nb3 f6 12. exf6 Nxf6 13. Be3 Nce4 14. Nbd2 a4 15. Nxe4 Nxe4 16. a3 Bc5 17. Bd3 Bxe3 18. Rxe3 Qf6 19. c3 Bf5 20. Qe2 Nd6 21. Bxf5 Nxf5 22. Re6 Qf7 23. Re1 h6 24. Qc2 Qd7 25. c4 d4 26. c5 Qf7 27. R6e4 Qd5 28. Re5 Qf7 29. R5e4 Qd5 30. Re5 Qf7 31. R1e4 Rad8 32. Rf4 d3 33. Qxa4 Qa2 34. Kh2 g6 35. Qb4 Qf7 36. Re1 Rfe8 37. Rfe4 Rxe4 38. Rxe4 Rd5 39. Nd2 Ng7 40. Kg1 Ne6 41. Re3 Nxc5 42. Qc4 Ne6 43. Rxd3 b5 44. Qc3 Nf4 45. Re3 Rg5 46. Ne4 Rxg2+ 47. Kh1 Nd5 48. Nf6+ Nxf6 49. Kxg2 Nd5 50. Qxc6 Nxe3+ 51. fxe3 Qf5 52. b3 h5 53. a4 bxa4 54. bxa4 Qg5+ 55. Kf2 Qf5+ 56. Kg2 Qg5+ 57. Kf2 Qf5+ 58. Ke2 g5 59. e4 Qxh3 60. Qg6+ Kh8 61. Qh6+ Kg8 62. Qxg5+ Kh8 63. Qh6+ Kg8 64. Qg5+ Kh8 65. a5 h4 66. Qh6+ Kg8 67. Qg6+ Kh8 68. a6 Qh2+ 69. Ke3 Qh3+ 70. Ke2 Qh2+ 71. Kd3 Qh3+ 72. Kc4 Qc8+ 73. Kd5 Qd8+ 74. Qd6 Qa5+ 75. Ke6 h3 76. Kf7 Qa2+ 77. Qe6 Qxe6+ 78. Kxe6 h2 79. a7 h1Q 80. a8Q+ Kg7 81. Qa7+ Kh6 82. Qe3+ Kh5 83. Kf5 Qf1+ 84. Qf4 Qb5+ 85. Qe5 Qd7+ 86. Kf6+ Kh4 87. Qg5+ 1-0

[Event "Wch Blitz"]
[Site "Samarkand"]
[Date "2023.12.30"]
[Round "16"]
[White "Dardha, Daniel"]
[Black "Gukesh, Dommaraju"]
[Result "1-0"]
[WhiteElo "2598"]
[BlackElo "2720"]
[PlyCount "51"]
[EventDate "2023.12.29"]
[EventType "swiss (blitz)"]
[EventRounds "21"]
[EventCountry "UZB"]
[SourceTitle "CB01_2024"]
[SourceDate "2024.01.03"]
[SourceVersion "1"]
[SourceVersionDate "2024.01.03"]
[SourceQuality "1"]

1. d4 Nf6 2. Bg5 d5 3. e3 c5 4. Bxf6 gxf6 5. dxc5 e6 6. Nf3 Bxc5 7. Be2 0-0 8. 0-0 Nd7 9. c4 dxc4 10. Qc2 f5 11. Nbd2 b6 12. e4 f4 13. Nxc4 Bb7 14. Rad1 Qe7 15. Qd2 Nf6 16. Qxf4 Nxe4 17. Nce5 Rad8 18. Qg4+ Kh8 19. Bd3 f5 20. Qh5 Nf6 21. Qh4 Rg8 22. g3 Bd5 23. Bc4 Bxc4 24. Rxd8 Bxf1 25. Ng6+ Kg7 26. Rxg8+ 1-0

[Event "London Classic 13th"]
[Site "London"]
[Date "2023.12.01"]
[Round "1"]
[White "Gukesh, Dommaraju"]
[Black "Bartel, Mateusz"]
[Result "1-0"]
[WhiteElo "2746"]
[BlackElo "2651"]
[PlyCount "81"]
[EventDate "2023.12.01"]
[EventType "tourn"]
[EventRounds "9"]
[EventCountry "ENG"]
[EventCategory "16"]
[SourceTitle "CB50_2023"]
[SourceDate "2023.12.13"]
[SourceVersion "1"]
[SourceVersionDate "2023.12.13"]
[SourceQuality "1"]

1. e4 e6 2. d4 d5 3. Nc3 Nf6 4. e5 Nfd7 5. f4 c5 6. Nf3 Be7 7. Be3 0-0 8. dxc5 Nxc5 9. Qd2 Nbd7 10. 0-0-0 Nb6 11. Bxc5 Bxc5 12. Bd3 f5 13. exf6 Qxf6 14. Ne2 Bd7 15. Kb1 Bd6 16. g3 Be8 17. Ned4 Bg6 18. Rhe1 Rae8 19. Bxg6 hxg6 20. b3 e5 21. fxe5 Bxe5 22. Nxe5 Rxe5 23. Rxe5 Qxe5 24. Re1 Qf6 25. a4 Nd7 26. Nb5 Qc6 27. Nxa7 Qc5 28. Nb5 Rc8 29. b4 Qf8 30. Qxd5+ Kh7 31. Re4 Qf1+ 32. Kb2 Nf6 33. Rh4+ Nh5 34. Qd3 Qf6+ 35. c3 Kh8 36. Nd6 Rf8 37. Ne4 Qe7 38. Qd6 Qe8 39. g4 Rf1 40. gxh5 g5 41. Rg4 1-0

[Event "FIDE Grand Swiss"]
[Site "Douglas"]
[Date "2023.10.30"]
[Round "6"]
[White "Gukesh, Dommaraju"]
[Black "Suleymanli, Aydin Elshan"]
[Result "0-1"]
[WhiteElo "2758"]
[BlackElo "2588"]
[PlyCount "86"]
[EventDate "2023.10.25"]
[EventType "swiss"]
[EventRounds "11"]
[EventCountry "IOM"]
[SourceTitle "Mega2024 Update 01"]
[Source "Chessbase"]
[SourceDate "2023.11.12"]
[SourceVersion "1"]
[SourceVersionDate "2023.11.12"]
[SourceQuality "1"]

1. d4 Nf6 2. Bf4 d5 3. e3 c5 4. c3 e6 5. Nf3 Bd6 6. Nbd2 0-0 7. Ne5 c4 8. Bg5 Nbd7 9. f4 Qc7 10. a4 Ne8 11. Bh4 f6 12. Ng4 e5 13. g3 exd4 14. exd4 g5 15. Ne3 gxh4 16. Nxd5 Qd8 17. Bxc4 Kh8 18. Ne3 Ng7 19. Nf3 h3 20. 0-0 b6 21. Bd5 Rb8 22. Qd3 Re8 23. Nc4 Nf8 24. Be4 Bb7 25. Rfe1 Bxe4 26. Rxe4 Qd7 27. Rae1 Rxe4 28. Rxe4 Bc7 29. b3 Ng6 30. Kf2 Nf5 31. Ncd2 Nd6 32. Re1 Qg4 33. Ke2 h5 34. Kd1 h4 35. Kc2 hxg3 36. hxg3 Kg7 37. Nf1 Kf7 38. Nh4 Rg8 39. Nh2 Qh5 40. N2f3 Nxh4 41. Nxh4 Re8 42. Rxe8 Kxe8 43. Qf1 Qg4 0-1